书目信息 |
| 题名: |
旅游接待礼仪
|
|
| 作者: | 段建国 , 李莉 主编 | |
| 分册: | ||
| 出版信息: | 北京 中国人民大学出版社 2002 |
|
| 页数: | 404页 | |
| 开本: | 21cm | |
| 丛书名: | ||
| 单 册: | ||
| 中图分类: | F590.63 | |
| 科图分类: | ||
| 主题词: | 旅游业--礼仪--高等学校--技术学校--教材 , 礼仪 , 旅游业 | |
| 电子资源: | ||
| ISBN: | 7-300-03875-1 | |
| 000 | 00996nam0 2200289 450 | |
| 000 | 01007nam0 2200289 450 | |
| 000 | 00937nam0 2200265 450 | |
| 000 | 00901oam2 2200253 45 | |
| 005 | 20070610110321.03 | |
| 010 | @a7-300-03875-1@dCNY18.00 | |
| 100 | @a20070608d2002 em y0chiy0120 ea | |
| 101 | 0 | @achi |
| 102 | @aCN@b110000 | |
| 105 | @ay z 000yy | |
| 200 | 1 | @a旅游接待礼仪@ALu^ You Jie Dai Li Yi@f段建国,李莉主编@FDuan Jian Guo, Li Li Zhu Bian |
| 210 | @a北京@c中国人民大学出版社@d2002 | |
| 215 | @a404页@d21cm | |
| 300 | @a高职高专旅游与饭店管理专业系列教材 | |
| 330 | @a本书介绍了礼仪与修养,旅游接待人员的个人礼仪,日常交际礼仪,交际活动礼仪,中国传统习俗与节庆礼仪,宗教礼仪常识,常见的国际礼宾活动等内容。 | |
| 606 | 0 | @a旅游业@x礼仪@x高等学校@x技术学校@j教材 |
| 606 | 0 | @a礼仪 |
| 606 | 0 | @a旅游业 |
| 690 | @aF590.63@v4 | |
| 701 | 0 | @a段建国@ADuan Jian Guo@4主编 |
| 701 | 0 | @a李莉@ALi Li@4主编 |
| 801 | 0 | @aCN@bTAOJIN@c20070610 |
| 905 | @a10447@dF590.63@e150 | |
| 旅游接待礼仪/段建国,李莉主编.-北京:中国人民大学出版社,2002 |
| 404页;21cm |
| 高职高专旅游与饭店管理专业系列教材 |
| ISBN 7-300-03875-1:CNY18.00 |
| 本书介绍了礼仪与修养,旅游接待人员的个人礼仪,日常交际礼仪,交际活动礼仪,中国传统习俗与节庆礼仪,宗教礼仪常识,常见的国际礼宾活动等内容。 |
| ● |
| 相关链接 |
|
|
|
|
正题名:旅游接待礼仪
索取号:F590.63/150
 
预约/预借
| 序号 | 登录号 | 条形码 | 馆藏地/架位号 | 状态 | 备注 |
| 1 | 0527924 | 205279241 | 第一样本阅览室/ [索取号:F590.63/150] | 在馆 | |
| 2 | 0527925 | 205279250 | 第一借阅区/ [索取号:F590.63/150] | 在馆 | |
| 3 | 0527926 | 205279269 | 密集书库/ [索取号:F590.63/150] | 在馆 | |
| 4 | 0527927 | 205279278 | 第一借阅区/ [索取号:F590.63/150] | 在馆 | |
| 5 | 0527928 | 205279287 | 密集书库/ [索取号:F590.63/150] | 在馆 | |
| 6 | 0527929 | 205279296 | 密集书库/ [索取号:F590.63/150] | 在馆 | |
| 7 | 0527930 | 205279303 | 第一借阅区/ [索取号:F590.63/150] | 在馆 | |
| 8 | 0527931 | 205279312 | 第一借阅区/ [索取号:F590.63/150] | 在馆 |